Musical Sorting Gallery Quiz Stats

 Plays Quiz not verified by Sporcle

Support Sporcle.
Go Orange.
Score 0/55 Timer 07:00
0 Plays Today
% Correct
Bernadette Peters
94.8%
Audra McDonald
94.4%
Idina Menzel
94%
Jeremy Jordan
93.6%
Carol Channing
93.3%
Patti LuPone
93.2%
Aaron Tveit
93.1%
Simba
93%
Donkey
92.4%
Snoopy
91.6%
The Lion King
91%
Beauty and the Beast
90.9%
Aladdin
90.6%
The Little Mermaid
90.3%
Lin-Manuel Miranda
90%
Jean Valjean
89.5%
Sutton Foster
89.5%
Norbert Leo Butz
89.1%
Fantine
87.4%
Cosette
86.6%
Broadway
86.3%
The Music of the Night
85.3%
Gavroche
85.2%
Éponine
85%
Frozen
84.3%
Bruiser
83.2%
All I Ask of You
82.1%
Inspector Javert
81.8%
% Correct
Glinda
80.8%
Marius
79.4%
Eliza
77.6%
Wishing You Were Somehow Here Again
77.5%
The King and I
77.3%
Angel of Music
77%
Thenardier
76.6%
A Funny Thing Happened on the Way to the Forum
75.4%
Grizabella
75.4%
Think of Me
75.2%
Elphaba
74.9%
Angelica
74.1%
Enjolras
73.2%
South Pacific
73.2%
Mayzie
72.7%
Into the Woods
72.5%
A Little Night Music
71.2%
Sandy
69.3%
Peggy
68.9%
Sweeney Todd
64.8%
West Side Story
63.2%
Carousel
61.6%
Merrily We Roll Along
57.9%
Newsies
56.2%
Dr. Dillamond
48.7%
Flower Drum Song
43.3%
Follies
39.5%

You're not logged in!

Compare scores with friends on all Sporcle quizzes.
OR
Log In

From the Vault

Boy Scout Merit Badges

by Ben

Eleven of the twelve men to walk on the Moon were Scouts, and yet Moon Walking is not one of the activities listed...perhaps because Michael Jackson wasn't a scout?
Remove Ads.
Support Sporcle.
Get the best of Sporcle when you Go Orange. This ad-free experience offers more features, more stats, and more fun while also helping to support Sporcle. Thank you for becoming a member.

Show Comments

Extras

Top Quizzes Today


Score Distribution

Your Account Isn't Verified!

In order to create a playlist on Sporcle, you need to verify the email address you used during registration. Go to your Sporcle Settings to finish the process.

Report this User

Report this user for behavior that violates our Community Guidelines.

Details: